The graduate
Uloženo v:
| Hlavní autor: | |
|---|---|
| Médium: | Kniha |
| Jazyk: | Undetermined |
| Vydáno: |
Santa Monica, CA
MGM Home Entertainment
2007
|
| Témata: | |
| Tagy: |
Přidat tag
Žádné tagy, Buďte první, kdo otaguje tento záznam!
|
| Thư viện lưu trữ: | Trung tâm Học liệu Trường Đại học Cần Thơ |
|---|
| LEADER | 00598nam a2200205Ia 4500 | ||
|---|---|---|---|
| 001 | CTU_231143 | ||
| 008 | 210402s9999 xx 000 0 und d | ||
| 020 | |c 655500 | ||
| 082 | |a 823.91 | ||
| 082 | |b W365/CD.1 | ||
| 100 | |a Webb, Charles | ||
| 245 | 4 | |a The graduate | |
| 245 | 0 | |c Charles Webb ; Director of photography, Robert Surtees | |
| 260 | |a Santa Monica, CA | ||
| 260 | |b MGM Home Entertainment | ||
| 260 | |c 2007 | ||
| 650 | |a Bản sắc,Identity (Psychology) | ||
| 650 | |x Tiểu thuyết,Fiction | ||
| 910 | |b nthai | ||
| 980 | |a Trung tâm Học liệu Trường Đại học Cần Thơ | ||